| 000 | 01016ngm a22003730a 4500 | ||
|---|---|---|---|
| 001 | PT47240 | ||
| 003 | AR-LpoUNG | ||
| 005 | 20210202000009.0 | ||
| 007 | vd cvaizq | ||
| 008 | 191001s2008||||ag |||||||||||||||||eng d | ||
| 040 |
_aAR-LpoUNG _bspa _cAR-LpoUNG _eaacr |
||
| 041 |
_aeng _aspa |
||
| 044 | _aag | ||
| 082 | 0 | _a307.72 957v2-5 | |
| 245 | 1 | 0 |
_aReportajes exclusivos : _btrailers en idiomas originales : imágenes y posters : clips de actores y clips de directores : material inédito |
| 260 |
_aSan Luis : _bAVH, _c2008. |
||
| 300 | _aDVD : son., col. | ||
| 505 | 0 | _aSubtitulada en castellano. | |
| 650 | 4 | _aCOMUNIDADES RURALES | |
| 650 | 4 | _aENTREVISTAS | |
| 650 | 4 | _aJUSTICIA | |
| 650 | 4 | _aORO | |
| 650 | 4 | _aPELICULAS | |
| 650 | 4 | _aRELACIONES PERSONALES | |
| 651 | 4 | _aDOCUMENTOS TEORICOS O METODOLOGICOS | |
| 653 | _aACCION | ||
| 653 | _aCINE ITALIANO | ||
| 653 | _aDVD | ||
| 653 | _aVIDEOS | ||
| 653 | _aWESTERN | ||
| 710 | 2 | _aAVH (San Luis) | |
| 905 | _a47240 | ||
| 942 | _cDVD | ||
| 999 |
_c53937 _d53937 |
||